| 000 | 00698nam a2200205Ia 4500 | ||
|---|---|---|---|
| 003 | GCL | ||
| 008 | 140319s9999 xx 000 0 ara d | ||
| 040 |
_aGCL / _cGCL |
||
| 082 | 0 | 4 |
_a239.9 _bف م |
| 100 | 1 | _aفايز موسى ابوشيخة | |
| 245 | 1 | 0 |
_aمن قصص البخارى دروسها وما يستفاد منها / _cفايز موسى ابوشيخة |
| 700 | 1 | _aمحمود الطحان (مراجعة) | |
| 300 | _a254 ص | ||
| 490 |
_aالهيئة العامة للاستعلامات _v0 |
||
| 650 | 0 | 4 | _aالسيرة النبوية |
| 650 | 0 | 4 | _aالقصص الدينية |
| 650 | 0 | 4 | _aالصحابة والتابعون |
| 650 | 0 | 4 | _aالقصص الدينى |
| 942 |
_2ddc _cBK |
||
| 999 |
_c47751 _d47751 |
||